00885cam a2200229 a 450000100100000000500170001000800410002704000250006808200190009310000250011224500700013726000820020730000280028949000300031750000770034750000220042450400410044650400430048760000480053060000490057883000280062700001907220200929165920.0810901s1979 ve a b 001 0bspa d aDO-SdBNPbspacBNPHU a923.587bP438f1 aPérez Vila, Manuel13aLa formación intelectual del Libertador /cManuel Pérez Vila. aCaracas, (Venezuela) :bEdiciones de la Presidencia de la República,c1979. a255 p. :bil. ;c23 cm.1 aContorno bolivariano ;v4 a"Apéndice: La biblioteca de Bolivar y las de sus mayores": p. 187-216. aIncluye índice. aIncluye referencias bibliográficas aIncluye notas al pie de las páginas.14aBOLÍVAR, SIMÓN,d1783-1830xBIOGRAFÍA14aBOLÍVAR, SIMÓN,d1783-1830,xEDUCACIÓN 0aContorno Bolivarianov4